000 00203 a2200097 4500
001 17826
100 _aLyle,
245 _aMajor faults on power systems
260 _a
_bChapman
_c
090 _c13175
_d13175
942 _aNUST-CAE
_cM
_c3531
999 _c252899
_d252899